Le péché originel d'Israel (Record no. 133474)

MARC details
000 -LEADER
campo de control de longitud fija 00799nam a2200229 i 4500
001 - NÚMERO DE CONTROL
campo de control 133474
003 - IDENTIFICADOR DE NÚMERO DE CONTROL
campo de control ES-MaACL
005 - FECHA Y HORA DE LA ÚLTIMA TRANSACCIÓN
campo de control 20230906194423.0
007 - CAMPO FIJO DE DESCRIPCIÓN FÍSICA--INFORMACIÓN GENERAL
campo de control de longitud fija t|
008 - DATOS DE LONGITUD FIJA--INFORMACIÓN GENERAL
campo de control de longitud fija 070816s1998 fr ||||1| fre d
020 ## - NÚMERO INTERNACIONAL ESTÁNDAR DEL LIBRO
Número Internacional Estándar del Libro 2-7082-3376-9
080 ## - NÚMERO DE LA CLASIFICACIÓN DECIMAL UNIVERSAL
Número de la Clasificación Decimal Universal 956.94"1948/..."
100 1# - ENTRADA PRINCIPAL--NOMBRE DE PERSONA
Nombre de persona Vidal, Dominique.
9 (RLIN) 114420
245 13 - MENCIÓN DEL TÍTULO
Título Le péché originel d'Israel
Resto del título : l'expulsion des palestiens revisitée par les "nouveaux historiens" israéliens /
Mención de responsabilidad, etc. Dominique Vidal avec Joseph Algazy.
260 ## - PUBLICACIÓN, DISTRIBUCIÓN, ETC.
Lugar de publicación, distribución, etc. Paris :
Nombre del editor, distribuidor, etc. Les Éditions de l'Atelier :
-- Les Éditons Ouvrières,
Fecha de publicación, distribución, etc. [1998]
300 ## - DESCRIPCIÓN FÍSICA
Extensión 207 p. ;
Dimensiones 22 cm.
500 ## - NOTA GENERAL
Nota general Biblioteca Jacinto Martínez Lacalle.
610 ## - PUNTO DE ACCESO ADICIONAL DE MATERIA--NOMBRE DE ENTIDAD CORPORATIVA
Nombre de entidad corporativa o nombre de jurisdicción como elemento de entrada Israel-
Subdivisión general Historia.
9 (RLIN) 219949
700 1# - ENTRADA AGREGADA--NOMBRE PERSONAL
Nombre de persona Algazy, Joseph.
9 (RLIN) 19888
852 ## - LOCALIZACIÓN
Ubicación ES-MaACL
Número de control de estantería E-11956
Sublocalización o colección R.139875
Holdings
Estatus retirado Estado de pérdida Estado de daño No para préstamo Biblioteca de origen Biblioteca actual Ubicación en estantería Fecha de adquisición Fuente de adquisición Total de préstamos Signatura topográfica completa Código de barras Visto por última vez Precio de reemplazo Tipo de ítem Koha
        Biblioteca del Ateneo de Madrid Biblioteca del Ateneo de Madrid Depósito 2 17/01/2008     E-11956 1138949 23/02/2023 23/02/2023 Libro impreso